000
00199 a2200097 4500
001
47517
100
_a
Riesenberg F
245
_a
Sea war
260
_a
New York
_b
Rinebart
_c
090
_c
30536
_d
30536
942
_a
NUST-CAE
_c
M
_c
22821
999
_c
282590
_d
282590